01232cac a22003375a 4500003000900000005001700009008004100026020001600067020001800083040004300101082002100144100005700165245010300222264003000325300002400355336002600379337002800405338002700433490002100460500000600481546006300487590001500550650001000565651006500575653002400640655002400664700005500688942002500743999001500768952011100783EG-ScBUE20220315142622.0150805s2001 enk f 000 1 eng d a009928457X  a9780099284574 aEG-ScBUEbengerdadEG-ScBUEcEG-ScBUE04a895.635bMIS2221 aMishima, Yukio,‏ d1925-1970,eauthor.9136314aThe decay of the angel /cYukio Mishima ; translated from the Japanese by Edward G. Seidensticker. 1aLondon :bVintage,c2001. a236 pages ;c22 cm. 2rdacontentatextbtxt 2rdamediaaunmediatedbn 2rdacarrieravolumebnc0 aVintage classics a. aText in English ; translated from the original Japanese.  aDoha Ragab 2BUEsh 7aJapanxSocial life and customs y1945vFiction.2BUEsh91371 bHHUUEENNcMarch2022 vReading book9342321 aSeidensticker, Edward,‏d1921-2007,etranslator. cBBk895.635 MIS2ddc c9570d9570 00102ddc4070aMAINbMAINc2NDd2015-08-11ePurchasel1o895.635 MISp000011371r2025-07-15 00:00:00yBB